Ley sobre estupefacientes, sustancias psicotrópicas, drogas de uso no autorizado y actividades conexas y su reglamento (Registro nro. 50)

Detalles MARC
000 -Cabecera
Campo de control de longitud fija 00712aam a2200265 4500
005 - Fecha y hora de la última transacción
Campo de control 20260319144639.0
008 - Elementos de longitud fija--Información general
Campo de control de longitud fija 150717b2007 xxu||||| |||| 00| 0 spa d
020 ## - International Standard Book Number
Número Internacional Estándar del Libro (ISBN) 9977131279
041 ## - Idioma
Código de idioma Español
082 ## - Clasificación Decimal Dewey
Número de clasificación 364.177 C8374l7
100 ## - Entrada principal--Autor personal
Nombre personal Costa Rica
9 (RLIN) 11811
245 ## - Título propiamente dicho
Título Ley sobre estupefacientes, sustancias psicotrópicas, drogas de uso no autorizado y actividades conexas y su reglamento
250 ## - Edición
Mención de edición 7 edición
260 ## - Pie de imprenta
Lugar de publicación, distribución, etc. Costa Rica
260 ## - Pie de imprenta
Nombre del editor, distribuidor, etc. IJSA
260 ## - Pie de imprenta
Fecha de publicación, distribución, etc. 2007
300 ## - Descripción física
Extensión 124 páginas
490 ## - Serie
Título de la Serie Investigación Criminal
650 ## - Materia general
Temática (materia general) DROGAS
650 ## - Materia general
Temática (materia general) PSICOTRÓPICOS
650 ## - Materia general
Temática (materia general) NARCÓTICOS
650 ## - Materia general
Temática (materia general) LEGISLACIÓN
650 ## - Materia general
Temática (materia general) ESTUPEFACIENTES
942 ## - Punto de acceso adicional KOHA
Tipo de ítem KOHA Libro
Fuente del sistema de clasificación o colocación Dewey Decimal Classification
Existencias
Signatura completa Código de barras Programa Académico Tipo de ítem
364.177 C8374l7 4771 Investigación Criminal Libro